Biblioteka Instytutu Północnego w Olsztynie

Dzieje Polski. (Rekord nr 27859)

Szczegóły MARC
000 -Nagłówek
fixed length control field 01624cam a2200385 i 4500
001 - Nr kontrolny bibl., która utworzyła rek.
control field zz2003984364
003 - Siglum bibl., której nr kontr. jest w 001
control field NUKAT
005 - Data i czas ostatniej operacji
control field 20260428233720.0
008 - Elementy pola stałej długości
fixed length control field 030929s1938 pl a |000 0 pol c
035 ## - Systemowy numer kontrolny
systemowy numer kontrolny (OCoLC)749307565
035 ## - Systemowy numer kontrolny
systemowy numer kontrolny (NUKAT)zz2003984364
040 ## - Instytucja sporządzająca opis
Instytucja, która sporządziła opis TOR U/MS
język katalgowania-trzyzn. kod pol
zasady opisu rda
Instytucja, która sporządziła rekord TOR U/MS
Instytucja, która zmodyfikowała rekord TOR U/AP
-- TOR U/ITRs
-- WR O/PC
-- OLSZT 008/AL
099 ## - Dowolny opis lokalny sygnatury
symbol klasyfikacji hh_348230
100 1# - Hasło główne-nazwa osobowa
Nazwa osobowa Sobieski, Wacław
Daty biograficzne (1872-1935).
rodzaj współpracy Autor
9 (RLIN) 1298
240 10 - Tytuł ujednolicony
tytuł ujednolicony Dzieje Polski.
Numer części T. 3,
Nazwa części Dzieje ostatnich dwu pokoleń
język tekstu (pol.)
245 10 - Tytuł właściwy i oznaczenie odpow.
tytuł Dzieje Polski.
numer części/sekcji pracy T. 3,
tytuł części/sekcji pracy 1864-1938 /
dod. inf. ze s. tyt./ozn. odpow. Wacław Sobieski ; przejrzał i uzupełnił Stanisław Kozicki.
250 ## - Oznaczenie wydania
oznaczenie wydania Wydanie drugie - pośmiertne.
260 ## - Adres wydawniczy
miejsce wydania, dystrybucji itp. Warszawa :
nazwa wydawcy, dystrybutora itp. Wydawnictwo Zorza :
-- nakład i własność Jana Załuski,
data wydania, dystrybucji itp. 1938
miejsce druku (Łomża :
nazwa drukarni Drukarnia Diecezjalna).
300 ## - Opis fizyczny
objętość i/lub forma materiału 308, III, [1] strona, [2] karty tablic :
inne szczegóły opisu fizycznego ilustracje, errata ;
format 20 cm.
336 ## - Content Type
Term Tekst
Code txt
Source rdacontent
337 ## - Media Type
Term Bez urządzenia pośredniczącego
Code n
Source rdamedia
338 ## - Carrier Type
Term Wolumin
Code nc
Source rdacarrier
380 ## - Form of work
Form of work Książki
500 ## - Uwaga ogólna
uwaga ogólna Na stronie 308 data ukończenia druku: 25 listopada 1938 r.
648 #7 - SUBJECT ADDED ENTRY--CHRONOLOGICAL TERM
Chronological term 1801-1900
Source of heading or term DBN
9 (RLIN) 36037
648 #7 - SUBJECT ADDED ENTRY--CHRONOLOGICAL TERM
Chronological term 1901-2000
Source of heading or term DBN
9 (RLIN) 34996
651 #7 - Hasło przedmiotowe-nazwa geogr.
nazwa geograficzna Polska
źródło hasła DBN
9 (RLIN) 35076
651 #7 - Hasło przedmiotowe-nazwa geogr.
nazwa geograficzna Polska
określnik chronologiczny 1918-1939 (II Rzeczpospolita).
źródło hasła kaba
9 (RLIN) 1394
651 #7 - Hasło przedmiotowe-nazwa geogr.
nazwa geograficzna Polska
określnik chronologiczny 1864-1918 (Okres popowstaniowy).
źródło hasła kaba
9 (RLIN) 35518
658 ## - Nazwa określająca cel programu nauczania
główny cel programu nauczania Historia
700 1# - Hasło dodatkowe - nazwa osobowa
nazwa osobowa Kozicki, Stanisław
daty biograficzne (1876-1958).
rodzaj współpracy Opracowanie
9 (RLIN) 10023
700 1# - Hasło dodatkowe - nazwa osobowa
nazwa osobowa Załuska, Jan
daty biograficzne (1873-1941).
rodzaj współpracy Nakładca
9 (RLIN) 18628
710 2# - Hasło dodatkowe - nazwa ciała zbior.
nazwa ciała zbior. lub nazwa geogr. Drukarnia "Zorza" (Warszawa).
rodzaj współpracy Wydawca
kod rodzaju współpracy pbl
9 (RLIN) 40841
942 ## - ADDED ENTRY ELEMENTS (KOHA)
Source of classification or shelving scheme Dewey Decimal Classification
Koha item type pozycje dostępne na miejscu
Egzemplarze
Status wycofania Status zagubienia Klasyfikacja Status uszkodzenia Blokada wypożyczeń Kolekcja Lokalizacja macierzysta Lokalizacja bieżąca Data nabycia Numer akcesji Źródło akcesji Nr inwentarzowy il. wypożyczeń Sygnatura Kod kreskowy Date last seen Price effective from Typ egz.
    Dewey Decimal Classification nieuszkodzona   Pracownia Badań Księgozbiorów Historycznych Biblioteka Instytutu Północnego w Olsztynie Pracownia Badań Księgozbiorów Historycznych 28/04/2026 K-25/1966 kupno 16742/3   16742/3 IPWK22222 28/04/2026 28/04/2026 pozycje dostępne na miejscu
Biblioteka Instytutu Północnego, ul. Partyzantów 87, 10-402 Olsztyn, email: biblioteka(at)ip.olsztyn.pl